| 000 | 00360nam a2200157Ia 4500 | ||
|---|---|---|---|
| 008 | 210210b1938 xxu||||| |||| 00| 0 eng d | ||
| 041 | _aeng | ||
| 082 | _a822/846 | ||
| 100 | _aMILNE (A A) | ||
| 245 | _aDays play | ||
| 260 |
_aLondon _bMethuen and Company Limited _c1938 |
||
| 650 | _aplay | ||
| 650 | _aDays | ||
| 690 | _aEnglish Prose | ||
| 906 | _a013030 | ||
| 999 |
_c131864 _d131864 |
||